000 00525nam a2200193Ia 4500
008 151121s9999||||xx |||||||||||||| ||und||
082 _a811/ढसाळ
082 _bHNW-52837
100 _aढसाळ नामदेव
245 _aखेळ
260 _b"प्रास प्रकाशन, मुंबई"
260 _c--
300 _a70
600 _aढसाळ नामदेव
630 _aखेळ
700 _aढसाळ नामदेव
730 _aखेळ
942 _cBOOK
999 _c1236714
_d1236711